00656nam a22001937a 450000500170000001000150001702000260003203500140005803700130007208200100008510000240009524500440011926000400016327000660020330000280026994200240029799900190032195201220034020170330172033.0 aENG-117652 a9788178794884c295.00 aEN-101184 bDABD/PUB a613.4 aSharma, Sunil Kumar aPratical yoga /cby Sunil Kumar Sharma  aNew DelhibSports Publicationc2008 a7/26, Ground Floor, Ansari Road, DaryaganjbNew Delhie110002 a137p. :c22cm(Hb)bill. 2ddccENh613.4mSHA c138569d138569 001040708NFICaBL1bBL1d2017-03-30eDBAD/PUBg295.00l0o613.4 SHApEN-101184r2017-03-30 00:00:00t1v295.00yEN